Normal view
MARC view
- Kirk, David L.
Entry Personal Name
001 - CONTROL NUMBER
- control field: 100098
003 - CONTROL NUMBER IDENTIFIER
- control field: NUST
005 - DATE AND TIME OF LATEST TRANSACTION
- control field: 20221013113208.0
008 - FIXED-LENGTH DATA ELEMENTS
- fixed length control field: 221013|| aca||aabn | a|a d
040 ## - CATALOGING SOURCE
- Original cataloging agency: NUST
- Transcribing agency: NUST
100 ## - HEADING--PERSONAL NAME
- Personal name: Kirk, David L.
670 ## - SOURCE DATA FOUND
- Source citation: Work cat.: (NUST)182666: Kirk, David L.,, Biology :, c1978.
